A concise history of Indian Literature in English/ (Record no. 188975)
[ view plain ]
| 000 -LEADER | |
|---|---|
| fixed length control field | 00608nam a22001937a 4500 |
| 005 - DATE AND TIME OF LATEST TRANSACTION | |
| control field | 20220608152810.0 |
| 010 ## - LCCN (DPL NO) | |
| LC control number | ENG-133099 |
| 020 ## - INTERNATIONAL STANDARD BOOK NUMBER | |
| Terms of availability | 595.00.00 |
| International Standard Book Number | 978-8-178-24484-6 |
| 035 ## - SYSTEM CONTROL NUMBER | |
| System control number | EN-116631 |
| 037 ## - SOURCE OF ACQUISITION | |
| Source of stock number/acquisition | DBAD/PUB |
| 082 ## - DEWEY DECIMAL CLASSIFICATION NUMBER | |
| Classification number | 880.9 |
| 245 ## - TITLE STATEMENT | |
| Title | A concise history of Indian Literature in English/ |
| Statement of responsibility, etc | edted by Arvind Krishna Mehrotra |
| 250 ## - EDITION STATEMENT | |
| Remainder of edition statement | Ranighet |
| 260 ## - PUBLICATION, DISTRIBUTION, ETC. (IMPRINT) | |
| Date of publication, distribution, etc | 2017 |
| Name of publisher, distributor, etc | permanent Black |
| 270 ## - ADDRESS | |
| Address | Himalayana Mall Road, Ranikhet Cantt. |
| City | Ranighet |
| Postal code | 263645 |
| 300 ## - PHYSICAL DESCRIPTION | |
| Extent | 517p. |
| Dimensions | 21cm(pbk) |
| Other physical details | index |
| 700 ## - ADDED ENTRY--PERSONAL NAME | |
| Personal name | Arvind Krishna Mehrotra |
| 942 ## - ADDED ENTRY ELEMENTS (KOHA) | |
| Source of classification or shelving scheme | Dewey Decimal Classification |
| Item type | English Books |
| Call number suffix | CON |
| Classification part | 380.9 |
| Withdrawn status | Lost status | Not for loan | Collection code | Home library | Current library | Date acquired | Source of acquisition | Cost, normal purchase price | Full call number | Barcode | Copy number | Cost, replacement price | Koha item type |
|---|---|---|---|---|---|---|---|---|---|---|---|---|---|
| Non-fiction | Patel Nagar | Patel Nagar | 08/06/2022 | DBAD/PUB | 595.00 | 380.9 CON | EN-116631 | 1 | 595.00 | English Books |
